000 00759nab a2200229 u 4500
001 09680
003 HDC
007 cr bn ---aaaaa
008 210202c mydr|nes 0 a may d
040 _aHDC
245 0 _aOnline marketing driving SMEs' business success
260 _aKuala Lumpur :
_bNew Straits Times,
_c2012
336 _atext
_2rdacontent
337 _acomputer
_2rdamedia
338 _aonline resource
_2rdacarrier
650 _aBusiness industry
_96119
650 _aSmall and medium enterprise
_98448
856 _zRequest full-text at [email protected]
942 _2lcc
942 _cNEWS
942 _kNWSC 003028
999 _c7003
_d7003